Welcome to the Holygrace Academy Library

Please use search bar below to get started

MERCURY ISLAND (Record no. 7182)

MARC details
000 -LEADER
fixed length control field 00320nam a22001457a 4500
020 ## - INTERNATIONAL STANDARD BOOK NUMBER
ISBN 978-93-52-790326
082 ## - DEWEY DECIMAL CLASSIFICATION NUMBER
Classification number 894.812.3
Item number DHA/M
100 ## - MAIN ENTRY--AUTHOR NAME
Personal name DARMARAJAN, AKHIL P
245 ## - TITLE STATEMENT
Title MERCURY ISLAND
260 ## - PUBLICATION, DISTRIBUTION, ETC. (IMPRINT)
Place of publication ALAPUZJA
Name of publisher KATHA PUBLICATIONS
Year of publication 2018
300 ## - PHYSICAL DESCRIPTION
Number of Pages 408
520 ## - SUMMARY, ETC.
Summary, etc NOVEL
650 ## - SUBJECT ADDED ENTRY--TOPICAL TERM
Topical Term NOVEL
942 ## - ADDED ENTRY ELEMENTS (KOHA)
Koha item type Books
Holdings
Withdrawn status Lost status Collection code Home library Current library Shelving location Date acquired Source of acquisition Cost, normal purchase price Full call number Accession Number Koha item type
    Fiction Main Library Main Library NEW SHELF WITH NEW ENTRY 11/11/2023 Purchase 399.00 894.812.3 DHA/M 13329 Books